000 00418nam a2200205Ia 4500
001 001641
003 YMCAF
005 20230512160110.0
008 100717s1971 ||||||||||||||||| ||und|d
024 _a1641
035 _a1622
040 _aYMCAF
_beng
_cIN-KoLT
041 _aeng
082 _aINT-LON
100 _aLONDON K.R.
245 0 _aINTRO. TO COM.
260 _c1971
300 _a265
942 _2ddc
_cBK
999 _c1326
_d1326